000 01767nam a22002777a 4500
001 8729
003 FISKH
005 20251014152306.0
008 251014b cb ||||| |||| 00| 0 eng d
040 _aFISKH
_bkhr
_cFISKH
_dFISKH
082 _a639.5
100 _aChanthea, Nhem
245 _aការចិញ្ចឹមត្រីអណ្តែង :
_cអ្នកនិពន្ធ ញ៉ែម ចន្ធា និង ហេង ម៉េង
250 _aEdition Sipar 2010
260 _aPhnom Penh :
_bSipar ,
_c2010.
300 _a44 pages :
_bcolor illustrations ;
_c28 cm .
490 _aងាយៗពី ......
520 _aសៀវភៅនេះបង្ហាញពីវិធីសាស្ត្រដែលងាយស្រួល និងអាចអនុវត្តបានសម្រាប់ការចិញ្ចឹមត្រីអណ្តែង ដែលជាប្រភេទត្រីមួយមានសក្ដានុពលខ្ពស់ក្នុងការចិញ្ចឹមពាណិជ្ជកម្មនៅក្នុងកម្ពុជា។ ត្រីអណ្តែងអាចរស់នៅក្នុងទឹកទាបនិងមានភាពធន់ទ្រាំខ្ពស់។
520 _aThis book presents simple and practical methods for raising climbing perch, a type of fish with high potential for commercial farming in Cambodia. Climbing perch can survive in low-water conditions and are highly resilient.
650 _aការចិញ្ចឹមត្រីអណ្តែង
650 _aRasing catfish
700 _aSophaleap, Nhek
_eIllustrator
700 _aVisoth , Seng
_eIllustrator
942 _2ddc
_cKHB
_n0
999 _c8729
_d8729